Chargement en cours...
Janasampark ki vyavaharik marghadarshika/
| Auteur principal: | |
|---|---|
| Format: | Printed Book |
| Publié: |
New Delhi:
Vani Prakashan,
2010.
|
| LEADER | 00361 a2200109 4500 | ||
|---|---|---|---|
| 100 | |a Ravi Mohan | ||
| 245 | |a Janasampark ki vyavaharik marghadarshika/ |c Ravi Mohan | ||
| 260 | |a New Delhi: |b Vani Prakashan, |c 2010. | ||
| 300 | |a 159p. | ||
| 942 | |2 ddc |c BK | ||
| 999 | |c 241071 |d 241071 | ||
| 952 | |0 0 |1 0 |4 0 |7 0 |9 267561 |a HIN |b HIN |c ST1 |d 2011-11-03 |i 21966 |l 0 |p HIN21966 |r 2014-02-07 |w 2014-02-07 |y BK | ||